Statistiques concernant Devine le footballeur à partir des transferts#5 SPECIAL TALENTS GACHES

Cliquez ici pour prendre le quiz!

Statistiques générales

  • Ce quiz a été pris 329 fois
  • Le résultat moyen est 5 sur 8

Statistiques - réponses

Réponse% Correct
Hatem Ben Arfa
90%
Mario Balotelli
82%
Yoann Gourcuff
81%
Oscar
79%
Ricardo Quaresma
56%
Robinho
56%
Jérémy Ménez
54%
Adriano
51%

Distribution des résultats

Percentile par nombre de réponses

% des personnes avec chaque résultat

Votre développement - résultats

Vous n’avez pas pris ce quiz